| 000 | 00624cam a22002415a 4500 | ||
|---|---|---|---|
| 001 | L158167 | ||
| 008 | 130411s2014 xxk f 000 0 eng d | ||
| 020 | _a9780957693913 | ||
| 035 | _a(Sirsi) u158167 | ||
| 041 | 0 | _aeng | |
| 050 | 0 | 4 | _a631.1 $2 18 |
| 100 | 1 | _aNix, John | |
| 245 | 0 | 0 | _aFarm Management Pocketbook |
| 250 | _a45th ed. | ||
| 260 |
_aLeicestershire _bThe Pocketbook _c2014 |
||
| 300 | _aviii, 296p, 22cm | ||
| 520 | _aCovers all aspects of farm management. | ||
| 520 | _aSuperceded by ISBN: 9780957693937 | ||
| 590 | _aKA | ||
| 651 | 4 | _aENGLAND AND WALES | |
| 690 |
_aRural _96268 |
||
| 942 | _n0 | ||
| 999 |
_c115181 _d115181 |
||